Sports Quiz

Random Sports or NFL Quiz

Top 25 NFL Jersey sellers in 2014 Quiz Stats

 Plays Quiz not verified by Sporcle

Score 0/25 Timer 04:00
0 Plays Today
RANK Answer % Correct
1Peyton Manning
95.3%
19Eli Manning
94.6%
5Tom Brady
90.9%
2Russell Wilson
88.3%
10Aaron Rodgers
81.8%
4 Colin Kaepernick
70.9%
12 Drew Brees
69.9%
20Calvin Johnson
67.3%
3Johnny Manziel
67.1%
16Andrew Luck
66.5%
6Dez Bryant
66.2%
9Richard Sherman
61.7%
15Marshawn Lynch
61.3%
RANK Answer % Correct
7LeSean McCoy
60.6%
18DeMarco Murray
58.8%
8J.J Watt
57.5%
1312th Fan
56.8%
17Nick Foles
43.5%
23Jordy Nelson
31.9%
25Troy Polamalu
26.7%
24Teddy Bridgewater
20.4%
14Jason Witten
18.8%
21Luke Kuechly
11.2%
22Kam Chancellor
9.6%
11Devon Still
6.2%

You're not logged in!

Compare scores with friends on all Sporcle quizzes.
OR
Log In

Sporcle TV

Today on Sporcle TV


Watch our educational content, quiz creation guides, and fun videos on Sporcle TV.

Show Comments

Extras

Top Quizzes Today


Score Distribution

Your Account Isn't Verified!

In order to create a playlist on Sporcle, you need to verify the email address you used during registration. Go to your Sporcle Settings to finish the process.

Report this User

Report this user for behavior that violates our Community Guidelines.

Details: